[Event "Interclubs Adultes"]
[Site "?"]
[Date "2003.10.12"]
[Round "1.1"]
[White "Ollier, Michel"]
[Black "Candy, Romain"]
[Result "0-1"]
[WhiteElo "2030"]
[BlackElo "1982"]
[PlyCount "38"]
[EventDate "2003.??.??"]

1. e4 c5 2. Nc3 Nc6 3. f4 a6 4. Nf3 e6 5. a4 d5 6. e5 Nh6 7. Ne2 f6 8. d4 fxe5
9. fxe5 Nf5 10. c3 Qb6 11. g4 Nh6 12. Bxh6 gxh6 13. Qc2 Bg7 14. Ng3 O-O 15. Nh4
cxd4 16. Bd3 Nxe5 17. Bxh7+ Kh8 18. O-O-O dxc3 19. bxc3 Rf2 0-1

[Event "Interclubs Adultes"]
[Site "?"]
[Date "2003.10.12"]
[Round "1.2"]
[White "Colas, Yves"]
[Black "Bellon, Yves"]
[Result "0-1"]
[WhiteElo "1975"]
[BlackElo "1910"]
[PlyCount "78"]
[EventDate "2003.??.??"]

1. d4 Nf6 2. c4 c5 3. d5 e6 4. Nc3 exd5 5. cxd5 d6 6. e4 g6 7. f4 Bg7 8. Bb5+
Nfd7 9. Nf3 O-O 10. O-O a6 11. Bd3 b5 12. Be3 Re8 13. Rb1 c4 14. Bc2 Bb7 15.
Bd4 Bxd4+ 16. Qxd4 Nb6 17. Rbe1 N8d7 18. Kh1 Rc8 19. Qf2 b4 20. Ne2 a5 21. Qh4
Qxh4 22. Nxh4 a4 23. Nd4 Ba6 24. Rg1 b3 25. axb3 cxb3 26. Bd1 Nc5 27. Nc6 Nxe4
28. Rxe4 Rxe4 29. Bf3 Ree8 30. g4 Bd3 31. Rd1 Be4 32. Kg2 Bxf3+ 33. Kxf3 Nxd5
34. Rxd5 Rxc6 35. Rd4 Ra8 36. Ng2 a3 37. bxa3 Rxa3 38. Rb4 b2+ 39. Ke4 Rc4+ 0-1

[Event "Interclubs Adultes"]
[Site "?"]
[Date "2003.10.12"]
[Round "1.3"]
[White "Mujic, Saban"]
[Black "Wagner, Bruno"]
[Result "1/2-1/2"]
[WhiteElo "1870"]
[BlackElo "1928"]
[PlyCount "60"]
[EventDate "2003.??.??"]

1. Nf3 f5 2. d4 Nf6 3. c4 g6 4. Nc3 Bg7 5. e3 O-O 6. Bd3 d6 7. O-O Qe8 8. Re1
e5 9. e4 f4 10. d5 a6 11. b3 Bg4 12. h3 Bd7 13. Ba3 b6 14. Be2 h6 15. Nh2 g5
16. Bg4 h5 17. Bxd7 Nbxd7 18. g3 Qg6 19. Rc1 Rf7 20. Rc2 Raf8 21. Bc1 Nc5 22.
Qe2 a5 23. Ba3 Ncd7 24. Nb5 Nc5 25. Bxc5 bxc5 26. Qd3 Rd7 27. Rce2 Ra8 28. a4
g4 29. h4 f3 30. Rc2 Bh6 1/2-1/2

[Event "Interclubs Adultes"]
[Site "?"]
[Date "2003.10.12"]
[Round "1.4"]
[White "Anthoine-Milhomme, Jean-Pierre"]
[Black "Massard, Christian"]
[Result "1-0"]
[WhiteElo "1940"]
[BlackElo "1880"]
[PlyCount "119"]
[EventDate "2003.??.??"]

1. d4 Nf6 2. c4 g6 3. Nc3 Bg7 4. Nf3 d6 5. e4 O-O 6. Be2 e5 7. O-O Nc6 8. d5
Ne7 9. b4 Ne8 10. Re1 f5 11. Bf1 f4 12. Qb3 h6 13. Bb2 g5 14. Rad1 Ng6 15. Rd3
g4 16. Nd2 Rf7 17. Ne2 h5 18. Kh1 Bf8 19. Ng1 Rh7 20. c5 h4 21. cxd6 cxd6 22.
h3 Nf6 23. f3 gxh3 24. gxh3 Nh5 25. Nc4 Qg5 26. Bg2 Rg7 27. Qc2 Nh8 28. Qf2 Bd7
29. Nd2 Be7 30. Rc3 Bd8 31. Ne2 Bb6 32. Qf1 Rf8 33. Nc4 Bb5 34. Kh2 Ng3 35.
Nxg3 hxg3+ 36. Kh1 Rc8 37. a4 Bxa4 38. Nxb6 Rxc3 39. Bxc3 axb6 40. Rc1 Rc7 41.
Bb2 Qd8 42. Rxc7 Qxc7 43. Qc1 Qd7 44. Qc4 Bb5 45. Qc2 Ng6 46. Kg1 Nh4 47. Kh1
Nxf3 48. Qd1 Nh4 49. Qh5 Qe7 50. Qg5+ Kf8 51. Qh5 Bd3 52. Qh8+ Kf7 53. Qh7+ Ke8
54. Qh5+ Kd8 55. Qd1 Nxg2 56. Qxd3 Ne3 57. Bc1 Qd7 58. Bxe3 Qxh3+ 59. Kg1 g2
60. Bxb6+ 1-0

[Event "Interclubs Adultes"]
[Site "?"]
[Date "2003.10.12"]
[Round "1.5"]
[White "Bednar, Emile"]
[Black "Scherrer, Roch"]
[Result "0-1"]
[WhiteElo "1870"]
[BlackElo "1790"]
[PlyCount "66"]
[EventDate "2003.??.??"]

1. d4 f5 2. c4 e6 3. Nc3 Nf6 4. Nf3 d6 5. e3 Be7 6. Bd3 O-O 7. O-O a5 8. a4 Na6
9. Qe2 Qe8 10. Ng5 Nb4 11. Bb1 d5 12. f4 c6 13. b3 Ne4 14. Ngxe4 fxe4 15. Ba3
Bf6 16. cxd5 exd5 17. Bc2 Qf7 18. Rac1 b6 19. Rf2 Ba6 20. Qd2 Be7 21. Bb1 Rfc8
22. Bxb4 Bxb4 23. Qb2 b5 24. Rfc2 Qf8 25. Rd1 Qf5 26. Rdc1 Be7 27. axb5 cxb5
28. Ne2 b4 29. Ng3 Qg4 30. Rxc8+ Rxc8 31. Rxc8+ Qxc8 32. Qc2 Qc3 33. Nf1 Qe1
0-1

[Event "Interclubs Adultes"]
[Site "?"]
[Date "2003.10.12"]
[Round "1.6"]
[White "Tissot, Alice"]
[Black "Vier, Serge"]
[Result "1-0"]
[WhiteElo "1720"]
[BlackElo "1780"]
[PlyCount "29"]
[EventDate "2003.??.??"]

1. e4 e6 2. d4 d5 3. exd5 exd5 4. c4 Nf6 5. Bg5 Be7 6. Nc3 c6 7. Nf3 O-O 8. Be2
Re8 9. O-O dxc4 10. Bxc4 Bg4 11. Qb3 Rf8 12. Qxb7 Nbd7 13. Ne5 c5 14. Bxf6 Nxf6
15. Nc6 1-0

[Event "Interclubs Adultes"]
[Site "?"]
[Date "2003.10.12"]
[Round "1.7"]
[White "Farge, Damien"]
[Black "Siret, Bernard"]
[Result "1/2-1/2"]
[WhiteElo "1610"]
[BlackElo "1499"]
[PlyCount "78"]
[EventDate "2003.??.??"]

1. e4 c5 2. Nf3 d6 3. d4 cxd4 4. Nxd4 Nf6 5. Nc3 g6 6. f3 Bg7 7. Bc4 Nc6 8. Be3
Bd7 9. Qd2 O-O 10. h4 Ne5 11. Bb3 Qa5 12. O-O-O Rfc8 13. Kb1 Nc4 14. Bxc4 Rxc4
15. Nb3 Qc7 16. g4 Rxc3 17. Qxc3 Qxc3 18. bxc3 Be6 19. h5 Bc4 20. Rd2 Nd7 21.
hxg6 hxg6 22. Kb2 Ne5 23. Rf2 a5 24. Bd4 b5 25. Rfh2 f6 26. Nd2 Be6 27. Rg2 g5
28. Be3 Rc8 29. Rb1 a4 30. Bd4 Nc4+ 31. Nxc4 Bxc4 32. a3 Kf7 33. Be3 Rh8 34. f4
Rh3 35. Re1 gxf4 36. Bxf4 Rf3 37. Bd2 Rh3 38. g5 fxg5 39. Rxg5 Bf6 1/2-1/2

[Event "Interclubs Adultes"]
[Site "?"]
[Date "2003.10.12"]
[Round "1.8"]
[White "Robert, Guillaume"]
[Black "Vinot, Raoul"]
[Result "1/2-1/2"]
[WhiteElo "1570"]
[BlackElo "1580"]
[PlyCount "56"]
[EventDate "2003.??.??"]

1. d4 d5 2. c4 c6 3. Nc3 Nf6 4. Bg5 Nbd7 5. Nf3 e6 6. e3 Be7 7. Bd3 O-O 8. O-O
dxc4 9. Bxc4 b5 10. Bd3 Re8 11. a3 Bd6 12. Rc1 h6 13. Ne4 Be7 14. Bxf6 Nxf6 15.
Nxf6+ Bxf6 16. Rxc6 Bb7 17. Rc5 a6 18. Qe2 Be7 19. Rh5 Rc8 20. Ne5 Rf8 21. Qg4
f5 22. Qg3 Rf6 23. f4 Qe8 24. Rh3 Bd6 25. Qf2 h5 26. Re1 Rh6 27. e4 Bxe5 28.
dxe5 Rg6 1/2-1/2

[Event "Interclubs Adultes"]
[Site "?"]
[Date "2003.11.16"]
[Round "2.1"]
[White "Isoardo, Jean-Luc"]
[Black "Anthoine-Milhomme, Jean-Pierre"]
[Result "0-1"]
[WhiteElo "1790"]
[BlackElo "1940"]
[PlyCount "86"]
[EventDate "2003.??.??"]

1. d4 Nf6 2. Nf3 c5 3. d5 g6 4. c4 Bg7 5. Nc3 d6 6. e4 Nbd7 7. Bd3 O-O 8. h3 a6
9. a4 b6 10. O-O Ne8 11. Re1 Ne5 12. Bf4 Nxd3 13. Qxd3 e5 14. Bg5 f6 15. Bh4 g5
16. Bg3 f5 17. Qe2 f4 18. Bh2 g4 19. hxg4 Bxg4 20. Qd3 Qf6 21. a5 bxa5 22. Rxa5
Qg6 23. Rea1 Nc7 24. Nb1 Bf6 25. Nbd2 h5 26. Kf1 Kh7 27. R5a3 Rg8 28. Ke2 Bd7
29. g3 fxg3 30. Bxg3 Bg4 31. Rh1 Bg5 32. Kf1 Bxd2 33. Nxd2 Raf8 34. Rh4 Rf7 35.
Ke1 Rgf8 36. Qc2 Kh6 37. Re3 Qg5 38. Qd3 a5 39. Rh2 a4 40. Qc2 Na6 41. Qxa4 Nb4
42. Bh4 Qxe3+ 43. fxe3 Nd3# 0-1

[Event "Interclubs Adultes"]
[Site "?"]
[Date "2003.11.16"]
[Round "2.2"]
[White "Wagner, Bruno"]
[Black "Martin, Jean-Yves"]
[Result "0-1"]
[WhiteElo "1928"]
[BlackElo "1710"]
[PlyCount "48"]
[EventDate "2003.??.??"]

1. d4 Nf6 2. Nc3 d5 3. e4 Nxe4 4. Nxe4 dxe4 5. Bc4 Bf5 6. g4 Bg6 7. Ne2 h6 8.
c3 e6 9. Qb3 Bd6 10. Bxe6 O-O 11. Qxb7 fxe6 12. Qxa8 Qf6 13. Be3 Qf3 14. Kd2
Nd7 15. Qxa7 Nb6 16. Qa6 Ra8 17. Qb5 Be8 18. Qb3 Kf7 19. c4 Ra4 20. Rac1 Rb4
21. Qd1 Rxb2+ 22. Rc2 Ba4 23. Rxb2 Bxd1 24. Rxd1 Nxc4+ 0-1

[Event "Interclubs Adultes"]
[Site "?"]
[Date "2003.11.16"]
[Round "2.3"]
[White "Bondierlange, Raymond"]
[Black "Colas, Yves"]
[Result "0-1"]
[WhiteElo "1730"]
[BlackElo "1975"]
[PlyCount "84"]
[EventDate "2003.??.??"]

1. e4 c5 2. c3 Nf6 3. e5 Nd5 4. d4 cxd4 5. cxd4 d6 6. Bc4 Nb6 7. Bb5+ Bd7 8. e6
Bxb5 9. Qh5 Qc8 10. Qxb5+ Kd8 11. Nc3 Qxe6+ 12. Be3 d5 13. Nge2 Qc6 14. Qa5 e6
15. Rc1 Na6 16. a3 Nc7 17. Bf4 Bd6 18. Bxd6 Qxd6 19. Nb5 Nxb5 20. Qxb5 Ke7 21.
Kd2 Rhc8 22. g3 a6 23. Qb3 Nc4+ 24. Kd3 b5 25. Rc2 Na5 26. Qb4 Qxb4 27. axb4
Rxc2 28. Kxc2 Rc8+ 29. Kd3 Nc6 30. Nc1 Nxb4+ 31. Kd2 Rc2+ 32. Ke3 Rxb2 33. Ne2
Rc2 34. Rb1 Rc4 35. Kd2 Kd6 36. Rb3 a5 37. Ra3 a4 38. f4 g6 39. g4 h6 40. Rf3
Nc6 41. f5 Nxd4 42. Rc3 Nxe2 0-1

[Event "Interclubs Adultes"]
[Site "?"]
[Date "2003.11.16"]
[Round "2.4"]
[White "Nguyen-Dinh, Dominique"]
[Black "Durbet, Philippe"]
[Result "1-0"]
[WhiteElo "1770"]
[BlackElo "1560"]
[PlyCount "79"]
[EventDate "2003.??.??"]

1. d4 Nf6 2. c4 e6 3. Nc3 Bb4 4. e3 d5 5. Bd3 dxc4 6. Bxc4 b6 7. Qa4+ Nc6 8.
Qxc6+ Bd7 9. Qf3 c5 10. Nge2 Rc8 11. Bd3 Bc6 12. Qg3 Nh5 13. Qg4 g6 14. O-O
cxd4 15. Qxd4 Qxd4 16. exd4 Nf6 17. Bd2 Bd6 18. h3 O-O 19. Rac1 Rfd8 20. Bg5
Be7 21. Rfd1 Kg7 22. Ba6 Rc7 23. Nb5 Bxb5 24. Rxc7 Bxe2 25. Bxe2 Bd6 26. Bxf6+
Kxf6 27. Rxa7 Rc8 28. Bd3 b5 29. a3 b4 30. axb4 Bxb4 31. Rb7 Bd6 32. g3 Rd8 33.
Be2 Ra8 34. Bf3 Ra5 35. b4 Ra3 36. Kg2 Rb3 37. b5 Bb4 38. Bc6 Bc3 39. d5 exd5
40. Bxd5 1-0

[Event "Interclubs Adultes"]
[Site "?"]
[Date "2003.11.16"]
[Round "2.5"]
[White "Sassier, Bernard"]
[Black "Chamba, Antoine"]
[Result "0-1"]
[WhiteElo "1600"]
[BlackElo "1780"]
[PlyCount "50"]
[EventDate "2003.??.??"]

1. e4 e5 2. Bc4 Nf6 3. Nf3 Nc6 4. d3 Bc5 5. O-O d6 6. a4 Bg4 7. c3 a5 8. Bxf7+
Kxf7 9. Qb3+ Ke7 10. Ng5 Rf8 11. h3 Bc8 12. d4 exd4 13. cxd4 Nxd4 14. Qd3 h6
15. Nf3 Nxf3+ 16. Qxf3 Ng4 17. Qg3 Bxf2+ 18. Rxf2 Nxf2 19. Qxg7+ Ke8 20. Qg6+
Kd7 21. Bxh6 Qf6 22. Qh5 Rh8 23. g4 Rxh6 24. g5 Rxh5 25. gxf6 Nxe4 0-1

[Event "Interclubs Adultes"]
[Site "?"]
[Date "2003.11.16"]
[Round "2.6"]
[White "Audras, Jean-Baptiste"]
[Black "Chevalier, Yves"]
[Result "1-0"]
[WhiteElo "1800"]
[BlackElo "1530"]
[PlyCount "95"]
[EventDate "2003.??.??"]

1. Nf3 e6 2. g3 d5 3. Bg2 Nf6 4. O-O Be7 5. d3 O-O 6. Nbd2 b6 7. e4 Bb7 8. Re1
c5 9. a4 Nc6 10. c3 Qc7 11. Qc2 Rac8 12. Nb3 c4 13. dxc4 dxe4 14. Ng5 Ne5 15.
Bf4 Bd6 16. Bxe5 Bxe5 17. Nxe4 Qxc4 18. Nxf6+ Bxf6 19. Bxb7 Rc7 20. Be4 g6 21.
Nd2 Qc5 22. Rad1 Bg7 23. Qd3 Qe7 24. Bg2 Rd8 25. Qc2 Rcd7 26. Ne4 h6 27. Bf3
Rxd1 28. Rxd1 Rxd1+ 29. Qxd1 Kh7 30. Qd6 Bf8 31. Qxe7 Bxe7 32. b4 f5 33. Nd2 e5
34. Bd5 Bg5 35. Nc4 e4 36. a5 Bd8 37. axb6 axb6 38. Nd6 Kg7 39. c4 Be7 40. c5
Kf8 41. Nc8 bxc5 42. Nxe7 Kxe7 43. bxc5 Kd7 44. Bb7 Kc7 45. c6 g5 46. Kf1 f4
47. Ke2 f3+ 48. Ke3 1-0

[Event "Interclubs Adultes"]
[Site "?"]
[Date "2003.11.16"]
[Round "2.7"]
[White "Didier, Eric"]
[Black "Robert, Guillaume"]
[Result "0-1"]
[WhiteElo "1400"]
[BlackElo "1570"]
[PlyCount "86"]
[EventDate "2003.??.??"]

1. c4 e5 2. Nc3 Nf6 3. g3 Nc6 4. Bg2 Bb4 5. e3 O-O 6. Nge2 Ne7 7. a3 Bxc3 8.
Nxc3 c6 9. O-O d5 10. d4 exd4 11. Qxd4 Be6 12. c5 Qd7 13. Ne2 Bh3 14. Nf4 Bxg2
15. Kxg2 Rfe8 16. b4 Nf5 17. Qc3 Ne4 18. Qd3 Ng5 19. Bb2 f6 20. Rg1 Re4 21.
Rae1 Rae8 22. Kh1 Nf3 23. Qd1 Nxe1 24. Nh5 R8e6 25. g4 Nxe3 26. fxe3 Rxe3 27.
g5 fxg5 28. Rxg5 Rg6 29. Rxg6 hxg6 30. Nxg7 Nf3 31. Kg2 Qg4+ 32. Kf2 Nxh2 33.
Qxg4 Nxg4+ 34. Kf1 Re7 35. a4 Rxg7 36. Bxg7 Kxg7 37. a5 Ne5 38. Ke2 Kf6 39. Ke3
Nd7 40. Kd4 g5 41. b5 g4 42. b6 axb6 43. cxb6 g3 0-1

[Event "Interclubs Adultes"]
[Site "?"]
[Date "2003.11.16"]
[Round "2.1"]
[White "Andrez, Marc-Olivier"]
[Black "Massard, Christian"]
[Result "1-0"]
[WhiteElo "2173"]
[BlackElo "1880"]
[PlyCount "49"]
[EventDate "2003.??.??"]

1. d4 Nf6 2. Bg5 e6 3. e4 Be7 4. e5 Ng8 5. Be3 b6 6. Qg4 g6 7. Bd3 Bb7 8. Ne2
Nc6 9. Nbc3 Nb4 10. O-O-O Nxd3+ 11. Rxd3 h5 12. Qh3 Nh6 13. Bxh6 Rxh6 14. Rhd1
g5 15. g4 f5 16. exf6 Bxf6 17. d5 e5 18. Ng3 h4 19. Nf5 Rh7 20. d6 Bc6 21. Qe3
a5 22. Ne4 Bxe4 23. dxc7 Qxc7 24. Qxe4 Ra7 25. Nd6+ 1-0

[Event "Interclubs Adultes"]
[Site "?"]
[Date "2003.11.16"]
[Round "2.2"]
[White "Mujic, Saban"]
[Black "Alvarez, Stephane"]
[Result "0-1"]
[WhiteElo "1870"]
[BlackElo "2007"]
[PlyCount "84"]
[EventDate "2003.??.??"]

1. d4 d5 2. Nf3 Nf6 3. e3 c6 4. c4 e6 5. Nc3 Nbd7 6. Bd3 dxc4 7. Bxc4 b5 8. Bd3
a6 9. a3 Bb7 10. O-O c5 11. dxc5 Bxc5 12. b4 Ba7 13. Be2 O-O 14. h3 Qc7 15. Bb2
Rad8 16. Qb3 Bb8 17. g3 Ne5 18. Nxe5 Qxe5 19. Kh2 h5 20. Rad1 h4 21. Rg1 hxg3+
22. Rxg3 Rxd1 23. Qxd1 Ne4 24. Nxe4 Qxb2 25. Qd2 Bxg3+ 26. fxg3 Qxd2 27. Nxd2
Rc8 28. Kg1 Rc2 29. Bf3 Bxf3 30. Nxf3 Rc3 31. Kf2 Rxa3 32. Nd4 Rc3 33. Ke2 Rc4
34. Kd3 Rxb4 35. Nc6 Ra4 36. h4 Kf8 37. h5 Rg4 38. Nb8 a5 39. Nc6 a4 40. Nd4 a3
41. Kc3 b4+ 42. Kb3 Rxd4 0-1

[Event "Interclubs Adultes"]
[Site "?"]
[Date "2003.11.16"]
[Round "2.3"]
[White "Alessandri, Pascal"]
[Black "Vier, Serge"]
[Result "1-0"]
[WhiteElo "2044"]
[BlackElo "1780"]
[PlyCount "59"]
[EventDate "2003.??.??"]

1. e4 e6 2. d4 d5 3. Nc3 dxe4 4. Nxe4 Bd7 5. Nf3 Bc6 6. Bd3 Nd7 7. c3 Ngf6 8.
Qe2 Be7 9. O-O O-O 10. Re1 Nxe4 11. Bxe4 Bxe4 12. Qxe4 c6 13. Bf4 Nf6 14. Qe2
Re8 15. Ne5 c5 16. Rad1 cxd4 17. Rxd4 Qa5 18. b4 Qa3 19. Rd3 Qa6 20. Qc2 Rac8
21. Rh3 g6 22. Qb3 Nd5 23. Bh6 Bf8 24. c4 Ne7 25. Bxf8 Rxf8 26. Nd7 Rfd8 27.
Nf6+ Kg7 28. Rxh7+ Kxf6 29. Qc3+ Kg5 30. h4+ 1-0

[Event "Interclubs Adultes"]
[Site "?"]
[Date "2003.11.16"]
[Round "2.4"]
[White "Vinot, Raoul"]
[Black "Dubois, Herve"]
[Result "0-1"]
[WhiteElo "1580"]
[BlackElo "2007"]
[PlyCount "123"]
[EventDate "2003.??.??"]

1. d4 Nf6 2. c4 e6 3. Nc3 Bb4 4. Bd2 O-O 5. Nf3 b6 6. g3 Bb7 7. Bg2 d5 8. cxd5
Nxd5 9. O-O Nxc3 10. bxc3 Be7 11. Qc2 Nd7 12. Rfe1 Nf6 13. Ne5 Bxg2 14. Kxg2 c5
15. Nf3 Rc8 16. Rad1 Qc7 17. Kg1 cxd4 18. Nxd4 Bc5 19. Nb5 Qb7 20. Be3 Bxe3 21.
Nd6 Bxf2+ 22. Kxf2 Ng4+ 23. Kg1 Ne3 24. Nxb7 Nxc2 25. Rf1 Ne3 26. Nd6 Rxc3 27.
Rc1 Rxc1 28. Rxc1 Rd8 29. Kf2 Ng4+ 30. Kg2 Kf8 31. Rc8 Ke7 32. Rxd8 Kxd8 33.
Nxf7+ Ke7 34. Ng5 h6 35. Nf3 Ne3+ 36. Kf2 Nd1+ 37. Ke1 Nc3 38. Nd4 a6 39. a3
Kd6 40. Nc2 Kd5 41. Nb4+ Kc4 42. Nxa6 Kb3 43. Nc7 e5 44. Ne6 Kxa3 45. Nxg7 b5
46. g4 b4 47. Nf5 b3 48. Ne3 Kb4 49. Nd1 Ne4 50. h4 Kc4 51. Nb2+ Kc3 52. Nd1+
Kc2 53. Ne3+ Kc1 54. Nc4 b2 55. Nxb2 Kxb2 56. e3 Kc3 57. Ke2 Kc2 58. Kf3 Kd3
59. g5 Nxg5+ 60. hxg5 hxg5 61. Kg4 Kxe3 62. Kxg5 0-1

[Event "Interclubs Adultes"]
[Site "?"]
[Date "2003.11.16"]
[Round "2.5"]
[White "Darcet, Bruno"]
[Black "Farge, Damien"]
[Result "1-0"]
[WhiteElo "1840"]
[BlackElo "1610"]
[PlyCount "53"]
[EventDate "2003.??.??"]

1. e4 c5 2. c3 Nc6 3. Nf3 g6 4. d4 cxd4 5. cxd4 Bg7 6. Nc3 e6 7. Be3 Nge7 8. a3
a5 9. Bd3 d5 10. e5 Nf5 11. Bxf5 exf5 12. O-O O-O 13. Qd2 Re8 14. Bg5 Qd7 15.
Bf6 Bf8 16. Na4 Qc7 17. Rac1 b5 18. Nc5 Qa7 19. b4 Qb6 20. Rc2 axb4 21. axb4
Nb8 22. Rfc1 Nd7 23. Nxd7 Bxd7 24. h4 Ra4 25. h5 Bxb4 26. Rc3 Bxc3 27. Qh6 1-0

[Event "Interclubs Adultes"]
[Site "?"]
[Date "2003.11.16"]
[Round "2.6"]
[White "Gregoire, Michele"]
[Black "Trouillet, Francois"]
[Result "0-1"]
[WhiteElo "1499"]
[BlackElo "1840"]
[PlyCount "80"]
[EventDate "2003.??.??"]

1. e4 c5 2. c4 Nc6 3. a3 Nf6 4. d3 g6 5. g3 Bg7 6. Bg2 O-O 7. Nf3 d6 8. h3 Rb8
9. O-O b5 10. cxb5 Rxb5 11. Nc3 Rb8 12. Re1 Be6 13. Nd2 Qd7 14. g4 h5 15. f3
hxg4 16. fxg4 Nd4 17. Nd5 Qb7 18. Rb1 Rfe8 19. b3 Nxd5 20. exd5 Bxd5 21. Be4
Bxe4 22. dxe4 d5 23. e5 Qc7 24. Nf3 Nxf3+ 25. Qxf3 Bxe5 26. Re2 Bd4+ 27. Be3
Bxe3+ 28. Qxe3 Qb6 29. b4 d4 30. Qf3 c4 31. Rf2 Qe6 32. Re1 Qxe1+ 33. Rf1 Qe3+
34. Kh1 Qxf3+ 35. Rxf3 c3 36. Rd3 c2 37. Rxd4 c1=Q+ 38. Kg2 Qb2+ 39. Kg3 Qxd4
40. Kh4 Rb5 0-1

[Event "Interclubs Adultes"]
[Site "?"]
[Date "2003.11.16"]
[Round "2.7"]
[White "Charbonnier, Christophe"]
[Black "Gregoire, Patrick"]
[Result "1-0"]
[WhiteElo "1730"]
[BlackElo "1499"]
[PlyCount "105"]
[EventDate "2003.??.??"]

1. e4 e5 2. Nf3 Nc6 3. Bb5 a6 4. Ba4 Nf6 5. O-O d5 6. Nxe5 Bd7 7. Nxd7 Qxd7 8.
exd5 Nxd5 9. Re1+ Be7 10. c3 O-O 11. d4 Rae8 12. Nd2 f5 13. Nf3 Qd6 14. c4 Nf4
15. c5 Qh6 16. d5 Rd8 17. Bxc6 bxc6 18. Rxe7 Rxd5 19. Qb3 Kh8 20. Be3 Rfd8 21.
g3 Qh5 22. Bxf4 h6 23. Ne5 Kh7 24. Qf3 Rd1+ 25. Rxd1 Rxd1+ 26. Kg2 Qxf3+ 27.
Nxf3 Rd5 28. Be5 h5 29. Rxg7+ Kh6 30. Ng5 Rxe5 31. Nf7+ Kxg7 32. Nxe5 Kf6 33.
Nxc6 Ke6 34. Kf3 Kd5 35. Ne7+ Ke6 36. Ng6 Kd5 37. Ne7+ Ke6 38. Kf4 Kxe7 39.
Kxf5 Kd7 40. h4 Kc6 41. g4 hxg4 42. Ke6 Kxc5 43. h5 Kd4 44. Kf5 Kd3 45. h6 c5
46. h7 c4 47. h8=Q Kc2 48. Qc3+ Kb1 49. Ke4 a5 50. Qxc4 g3 51. fxg3 a4 52. Qxa4
Ka1 53. Kd3 1-0

[Event "Interclubs Adultes"]
[Site "?"]
[Date "2003.11.16"]
[Round "2.8"]
[White "Bruyas, Benjamin"]
[Black "Ducatez, Franklin"]
[Result "0-1"]
[WhiteElo "1250"]
[BlackElo "1420"]
[PlyCount "60"]
[EventDate "2003.??.??"]

1. Nf3 Nc6 2. d4 d5 3. e3 Nf6 4. c4 e6 5. cxd5 exd5 6. Bb5 Bd7 7. Bxc6 Bxc6 8.
Nc3 Bb4 9. a3 Bxc3+ 10. bxc3 Ne4 11. Qc2 O-O 12. a4 a5 13. Ne5 Qd6 14. Ba3 Qf6
15. Bxf8 Rxf8 16. O-O Re8 17. c4 Qe6 18. f3 Ng5 19. cxd5 Bxd5 20. Qc3 f6 21.
Nc4 Qc6 22. Rac1 Bxf3 23. Nxa5 Qe4 24. Qc4+ Kh8 25. gxf3 Nxf3+ 26. Rxf3 Qxf3
27. Rf1 Qxe3+ 28. Rf2 Qe1+ 29. Qf1 Qxa5 30. Rc2 Re1 0-1

[Event "Interclubs Adultes"]
[Site "?"]
[Date "2003.11.16"]
[Round "2.1"]
[White "Dujardin, Franck"]
[Black "Garnier, Gilles"]
[Result "1-0"]
[WhiteElo "2119"]
[BlackElo "2131"]
[PlyCount "47"]
[EventDate "2003.??.??"]

1. e4 e5 2. Bc4 Nf6 3. d3 Nc6 4. Nf3 Be7 5. c3 d6 6. Bb3 O-O 7. Bg5 Nd7 8. Be3
Kh8 9. h4 f5 10. Ng5 f4 11. Nxh7 Na5 12. Nxf8 Nxb3 13. Ng6+ Kh7 14. Nxe7 Qxe7
15. axb3 fxe3 16. fxe3 Nf6 17. Nd2 Bg4 18. Nf3 Kg8 19. Qd2 d5 20. exd5 e4 21.
Ng5 exd3 22. Qxd3 Qe5 23. O-O a6 24. Rxf6 1-0

[Event "Interclubs Adultes"]
[Site "?"]
[Date "2003.11.16"]
[Round "2.2"]
[White "Ientile, Pascal"]
[Black "Kermouche, Joseph"]
[Result "1-0"]
[WhiteElo "1980"]
[BlackElo "2010"]
[PlyCount "141"]
[EventDate "2003.??.??"]

1. e4 e5 2. d4 exd4 3. Qxd4 Nc6 4. Qe3 Bb4+ 5. Nc3 d6 6. Bd2 Be6 7. f4 f6 8.
Nf3 Bc5 9. Qe2 Nge7 10. h3 Qd7 11. O-O-O O-O-O 12. Be3 Bb4 13. Nd5 Ba5 14. Qb5
Kb8 15. Qa4 Bb6 16. Bxb6 axb6 17. Bb5 Qc8 18. Rd3 Bxd5 19. exd5 Na5 20. b4 c6
21. bxa5 cxb5 22. Qxb5 Qc5 23. Qxb6 Rc8 24. Rd2 Nxd5 25. Qxc5 Rxc5 26. Re1 Rxa5
27. g3 Rc8 28. Nd4 Rxa2 29. Re6 Nc3 30. Nb3 Nb5 31. Kb1 Ra6 32. Re7 Rc7 33.
Re8+ Ka7 34. Kb2 Na3 35. Rde2 Nc4+ 36. Kc1 Rac6 37. Nd4 Ra6 38. Kb1 Rb6+ 39.
Kc1 Ra6 40. Kb1 Rc5 41. Nb3 Rac6 42. Nxc5 Rxc5 43. R8e7 Rb5+ 44. Kc1 Ra5 45. c3
d5 46. Rxg7 Ra1+ 47. Kc2 Ra2+ 48. Kd3 Nb2+ 49. Kd4 Ra4+ 50. Kxd5 Ra5+ 51. Ke6
Ra6+ 52. Kf7 Nc4 53. Re6 Ra3 54. Kxf6 Rxc3 55. Ree7 Na5 56. h4 Rb3 57. Rc7 Rb6+
58. Kg5 h6+ 59. Kh5 Kb8 60. Rc3 Nb3 61. Rg6 Rb5+ 62. Kxh6 Nd4 63. g4 Ne2 64.
Rc4 Ng1 65. h5 Nf3 66. Kh7 Nd2 67. Ra4 Nb3 68. h6 Nc5 69. Rg5 b6 70. Rc4 Ra5
71. Rcxc5 1-0

[Event "Interclubs Adultes"]
[Site "?"]
[Date "2003.11.16"]
[Round "2.3"]
[White "Rossi, Giovanni"]
[Black "Floc'H, Romain"]
[Result "1-0"]
[WhiteElo "2009"]
[BlackElo "1980"]
[PlyCount "61"]
[EventDate "2003.??.??"]

1. d4 Nf6 2. c4 c5 3. Nf3 cxd4 4. Nxd4 Nc6 5. Nc3 Qb6 6. Nb3 e6 7. a3 d6 8. Bf4
Qd8 9. Nb5 e5 10. Bg5 Be7 11. c5 d5 12. Bxf6 gxf6 13. Qxd5 Qxd5 14. Nc7+ Kf8
15. Nxd5 Be6 16. e4 Rd8 17. Rd1 a5 18. Bb5 Rg8 19. O-O h5 20. Bxc6 bxc6 21.
Nxe7 Rxd1 22. Rxd1 Bxb3 23. Rd8+ Kxe7 24. Rxg8 f5 25. Rg5 fxe4 26. Rxe5+ Kf6
27. Rxe4 Kf5 28. f3 a4 29. Kf2 Bc2 30. Rb4 Bb3 31. Rb6 1-0

[Event "Interclubs Adultes"]
[Site "?"]
[Date "2003.11.16"]
[Round "2.4"]
[White "Vincent, Jean-Christophe"]
[Black "Cortes, Jaime"]
[Result "1-0"]
[WhiteElo "1880"]
[BlackElo "1860"]
[PlyCount "59"]
[EventDate "2003.??.??"]

1. e4 c5 2. b4 b6 3. bxc5 bxc5 4. Bc4 e6 5. Nc3 Nf6 6. Nge2 Nc6 7. O-O Ne5 8.
Bb5 a6 9. Ba4 Bb7 10. Ng3 c4 11. d4 cxd3 12. cxd3 Rc8 13. Nce2 Be7 14. Rb1 Ba8
15. Be3 Rb8 16. Rxb8 Qxb8 17. Bf4 Bd6 18. Be3 Neg4 19. Bg5 h6 20. Bxf6 gxf6 21.
h3 Bxg3 22. Nxg3 Ne3 23. fxe3 Qxg3 24. Rf3 Qg5 25. Qc1 Ke7 26. Qa3+ d6 27. Qc3
Qe5 28. Qc7+ Kf8 29. d4 Qh5 30. Rg3 1-0

[Event "Interclubs Adultes"]
[Site "?"]
[Date "2003.11.16"]
[Round "2.5"]
[White "Almagro, Luc"]
[Black "Ravot, Cyril"]
[Result "1-0"]
[WhiteElo "1914"]
[BlackElo "1830"]
[PlyCount "111"]
[EventDate "2003.??.??"]

1. d4 d6 2. c4 Nf6 3. Nc3 Nbd7 4. e4 e5 5. Nf3 Be7 6. Be2 O-O 7. O-O c6 8. Qc2
a6 9. Rd1 Qc7 10. a4 exd4 11. Nxd4 Ne5 12. Bf4 c5 13. Nf5 Be6 14. Nxe7+ Qxe7
15. Bxe5 dxe5 16. Nd5 Bxd5 17. cxd5 Qd6 18. Rdc1 Rfc8 19. a5 h6 20. Qd3 Rab8
21. Rc4 Nd7 22. Bg4 Rc7 23. Bxd7 Rxd7 24. Qc3 Rc7 25. Rc1 b6 26. axb6 Rxb6 27.
Rxc5 Rxc5 28. Qxc5 Qxc5 29. Rxc5 Rxb2 30. f3 Kf8 31. d6 Ke8 32. Rxe5+ Kd7 33.
Re7+ Kxd6 34. Rxf7 Kc5 35. Rxg7 a5 36. h4 a4 37. Ra7 Kb4 38. Kh2 Re2 39. Kh3 a3
40. g4 Kb3 41. g5 hxg5 42. hxg5 Re1 43. Kg4 a2 44. Kf5 a1=Q 45. Rxa1 Rxa1 46.
g6 Ra8 47. g7 Kc4 48. e5 Kd5 49. f4 Re8 50. Kf6 Rc8 51. e6 Kd6 52. f5 Rb8 53.
Kf7 Rb7+ 54. Kg6 Rb8 55. Kh7 Rb7 56. Kh8 1-0